|
|
|
|
| LEADER |
00000cam a2200000 7i4500 |
| 001 |
0000000646 |
| 005 |
20000915.0 |
| 020 |
0 |
0 |
|a 9679784878
|
| 090 |
0 |
0 |
|a 354.595006
|b AHM 1993
|
| 100 |
0 |
0 |
|a AHMAD Sarji bin Abdul Hamid
|f Tan Sri Dato' Seri
|c 1938-
|
| 245 |
1 |
4 |
|a The changing civil service :
|b Malaysia's competitive edge
|c Ahmad Sarji
|
| 260 |
0 |
0 |
|a Kuala Lumpur :
|b Pelanduk Pub. ,
|c 1993
|
| 300 |
|
|
|a [vii], 240 p. ;
|c 23 cm.
|
| 650 |
0 |
0 |
|a Civil service ethics
|z Malaysia
|
| 650 |
0 |
0 |
|a Civil service reform
|z Malaysia
|
| 650 |
0 |
0 |
|a Civil service
|z Malaysia
|
| 999 |
|
|
|a 0000005821
|b Monograph
|c Open Shelf
|e Default branch
|